000 00464nam a2200193Ia 4500
999 _c34386
_d34386
003 0100
005 20180308160124.0
008 130303s9999 xx 000 0 und d
040 _cARRUPELIB
050 _aDT962.7.H6
100 _aHolleman, J.F
_940276
245 _aChief, council and commissioner:
_bsome problems of government in Rhodesia /
260 _aAssen
_bVan Gorcum
_c1969
300 _axix
300 _b 392p. 24.5cm
650 _aRhodesia, Southern
_xPolitics
_926431
650 _aRhodesia, Southern
_xNative races
_926449
700 _aJ.F Holleman
_940277
942 _2lcc
_cMONOGRAPH